Instituzioni di diritto privato

Saved in:
書目詳細資料
Main Authors: Ruggiero, Roberto de (Author), Maroi, Fulvio (Author)
格式: 圖書
語言:意大利语
出版: Milán Casa Editrice Giuseppe Principato 1948
版:7a. ed
主題:
標簽: 添加標簽
沒有標簽, 成為第一個標記此記錄!

MARC

LEADER 00000nam a2200000 a 4500
001 UCS2149
003 CL-VaPUC
008 970516e19480000IT |||||||||||||||||ita|d
082 0 4 |a 346.45  |b RUG  |2 21 
100 0 |a Ruggiero, Roberto de  |e author  |9 387237 
700 0 |a Maroi, Fulvio  |e author  |9 387238 
245 1 0 |a Instituzioni di diritto privato 
250 |a 7a. ed 
300 |a v 
942 |c BK 
945 |d 19970516 00:00:00  |a lriquelm 
260 |a Milán  |b Casa Editrice Giuseppe Principato  |c 1948 
500 |a v.1: Introduzione e parte generale, Diritto delle persone, deritto di famiglia, diritto ereditario, diritti reali 
650 0 |a Derecho civil  |9 255013 
650 7 |a PERSONA  |2 CL-VaPUC  |9 327934 
650 0 |a Derecho de familia  |9 255603 
650 0 |a Derecho sucesorio  |9 255015 
650 0 |a Derechos reales  |9 257708 
651 0 |a Italia  |9 254949 
583 |a last modification  |c 19970516 00:00:00  |k Rodrigo Vera 
999 |c 260140  |d 260138 
952 |0 0  |1 0  |4 0  |6 346_450000000000000_RUG_1948  |7 0  |8 X  |9 285780  |a BIBDER  |b BIBDER  |d 2019-11-19  |h v.1  |i 1856413  |o 346.45 RUG 1948  |p 1856413  |r 2023-01-25  |w 2019-11-19  |y BK_X  |k DER